<?xml version="1.0" encoding="UTF-8"?><?xml-stylesheet type="text/xsl" href="static/style.xsl"?><OAI-PMH xmlns="http://www.openarchives.org/OAI/2.0/" xmlns:xsi="http://www.w3.org/2001/XMLSchema-instance" xsi:schemaLocation="http://www.openarchives.org/OAI/2.0/ http://www.openarchives.org/OAI/2.0/OAI-PMH.xsd"><responseDate>2026-04-17T08:02:33Z</responseDate><request verb="GetRecord" identifier="oai:www.recercat.cat:2117/394108" metadataPrefix="marc">https://recercat.cat/oai/request</request><GetRecord><record><header><identifier>oai:recercat.cat:2117/394108</identifier><datestamp>2025-07-22T20:24:36Z</datestamp><setSpec>com_2072_1033</setSpec><setSpec>col_2072_452951</setSpec></header><metadata><record xmlns="http://www.loc.gov/MARC21/slim" xmlns:dcterms="http://purl.org/dc/terms/" xmlns:xsi="http://www.w3.org/2001/XMLSchema-instance" xmlns:doc="http://www.lyncode.com/xoai" xsi:schemaLocation="http://www.loc.gov/MARC21/slim http://www.loc.gov/standards/marcxml/schema/MARC21slim.xsd">
   <leader>00925njm 22002777a 4500</leader>
   <datafield ind2=" " ind1=" " tag="042">
      <subfield code="a">dc</subfield>
   </datafield>
   <datafield ind2=" " ind1=" " tag="720">
      <subfield code="a">Torres Camps, Aleix</subfield>
      <subfield code="e">author</subfield>
   </datafield>
   <datafield ind2=" " ind1=" " tag="260">
      <subfield code="c">2023-05-30</subfield>
   </datafield>
   <datafield ind2=" " ind1=" " tag="520">
      <subfield code="a">Aquesta tesi pretén descriure alguns dels mètodes introduïts per Ralph Greenberg per a l'estudi de la teoria d'Iwasawa per a Corbes El·líptiques. Aquests mètodes s'inspiren en idees presentades per Kenkichi Iwasawa en el context de Cossos de Nombres, i que es van aplicar per primera vegada al cas de les varietats abelianes per Barry Mazur a la dècada de 1970. Més precisament, ens centrarem en els tres teoremes principals de l'article de Greenberg "Iwasawa theory for Elliptic Curves (1998)", explicant-los més a fons. En aquest procés, proporcionarem alguns dels rerefons necessaris, especialment de la teoria dels Lambda-mòduls i la Cohomologia de Galois, i omplirem molts dels detalls omesos a les demostracions. Com a il·lustració del poder d'aquests mètodes, conclourem mostrant com aquests resultats connecten la conjectura principal de la teoria d'Iwasawa amb la conjectura BSD.</subfield>
   </datafield>
   <datafield ind2=" " ind1=" " tag="520">
      <subfield code="a">Esta tesis tiene como objetivo describir algunos de los métodos introducidos por Ralph Greenberg para el estudio de la teoría de Iwasawa para Curvas Elípticas. Estos métodos están inspirados en las ideas presentadas por Kenkichi Iwasawa en el contexto de Cuerpos de Números, y que Barry Mazur aplicó por primera vez al caso de las variedades abelianas en la década de 1970. Más precisamente, nos centraremos en los tres teoremas principales del artículo de Greenberg "Iwasawa theory for Elliptic Curves (1998)", explicándolos más a fondo. En ese proceso, proporcionaremos algunos de los antecedentes necesarios, especialmente de la teoría de los Lambda-módulos y la Cohomología de Galois, y completaremos muchos de los detalles omitidos en las demostraciones. Como ilustración del poder de estos métodos, concluiremos mostrando cómo estos resultados conectan la conjetura principal de la teoría de Iwasawa con la conjetura de BSD.</subfield>
   </datafield>
   <datafield ind2=" " ind1=" " tag="520">
      <subfield code="a">This thesis aims to describe some of the methods introduced by Ralph Greenberg for the study of the Iwasawa theory of Elliptic Curves. These methods are inspired by ideas presented by Kenkichi Iwasawa in the context of Number Fields, and which were first applied to the case of abelian varieties by Barry Mazur in the 1970s. More precisely, we will focus on the three main theorems in Greenberg's paper "Iwasawa theory for Elliptic Curves (1998)", explaining them more thoroughly. In that process, we will provide some of the necessary backgrounds, especially from the theory of Lambda-modules and Galois Cohomology, and fill in many of the details omitted in the proofs. As an illustration of the power of these methods, we will conclude by showing how these results connect the main conjecture of the Iwasawa theory with the BSD conjecture.</subfield>
   </datafield>
   <datafield ind2=" " ind1=" " tag="520">
      <subfield code="a">Outgoing</subfield>
   </datafield>
   <datafield tag="653" ind2=" " ind1=" ">
      <subfield code="a">Àrees temàtiques de la UPC::Matemàtiques i estadística::Àlgebra</subfield>
   </datafield>
   <datafield tag="653" ind2=" " ind1=" ">
      <subfield code="a">Algebraic number theory</subfield>
   </datafield>
   <datafield tag="653" ind2=" " ind1=" ">
      <subfield code="a">Elliptic curves</subfield>
   </datafield>
   <datafield tag="653" ind2=" " ind1=" ">
      <subfield code="a">Teoria d'Iwasawa</subfield>
   </datafield>
   <datafield tag="653" ind2=" " ind1=" ">
      <subfield code="a">Corbes El·líptiques</subfield>
   </datafield>
   <datafield tag="653" ind2=" " ind1=" ">
      <subfield code="a">Lambda Mòduls</subfield>
   </datafield>
   <datafield tag="653" ind2=" " ind1=" ">
      <subfield code="a">Grups de Selmer</subfield>
   </datafield>
   <datafield tag="653" ind2=" " ind1=" ">
      <subfield code="a">Conjecture BSD</subfield>
   </datafield>
   <datafield tag="653" ind2=" " ind1=" ">
      <subfield code="a">Conjectura principal d'Iwasawa.</subfield>
   </datafield>
   <datafield tag="653" ind2=" " ind1=" ">
      <subfield code="a">Nombres, Teoria algebraica de</subfield>
   </datafield>
   <datafield tag="653" ind2=" " ind1=" ">
      <subfield code="a">Corbes el·líptiques</subfield>
   </datafield>
   <datafield tag="653" ind2=" " ind1=" ">
      <subfield code="a">Classificació AMS::14 Algebraic geometry::14G Arithmetic problems. Diophantine geometry</subfield>
   </datafield>
   <datafield tag="653" ind2=" " ind1=" ">
      <subfield code="a">Classificació AMS::11 Number theory::11R Algebraic number theory: global fields</subfield>
   </datafield>
   <datafield ind2="0" ind1="0" tag="245">
      <subfield code="a">Greenberg’s methods on the Iwasawa theory for Elliptic Curves</subfield>
   </datafield>
</record></metadata></record></GetRecord></OAI-PMH>